000
00253nam a2200109Ia 4500
008
190216s9999||||xx |||||||||||||| ||und||
100
_a
Kuttikrishna Marar
245
0
_a
Shashthravum Sciencum
260
_b
Nbs Kottayam
650
_a
Kavitha
942
_c
BK
999
_c
24579
_d
24579